000 00915nam a2200289 a 4500
001 vtls000808195
003 NLI
005 20210627054022.0
008 110331s1956 njua 000 0 eng
039 9 _y201103311626
_zVargis_01
040 0 _aNLI
_beng
_cVergis_S
_eAACR2
041 0 _aeng
044 _anju
084 _a148
100 1 _aDyer, Henry S.
_9779442
245 1 0 _aProblems in mathematical education /
_cby Henry S. Dyer, Robert Kalin and Frederic M. Lord.
260 _aNew Jersey :
_bEducational Testing Sevice,
_c1956.
300 _a50 p.:
_bill.;
_c22 cm.
650 0 _aMathematics
_xStudy and teaching
_9702254
700 1 _aKalin, Robert,
_4jt. aut
_9779443
700 1 _aLord, Frederic M.,
_4jt. aut
_9779444
887 _a
901 _a310945 ;
_b26.07.1956
902 _a148 G 2325
949 _AVIRTUAITEM
_D10000
_X100
_6PUR000310945ENG
942 _2ddc
_cBKS
999 _aVIRTUA
_c657635
_d657635